| 000 | 00886nam a22002777a 4500 | ||
|---|---|---|---|
| 003 | CHAP | ||
| 005 | 20220329135540.0 | ||
| 008 | 971013s1978 r 00010 d | ||
| 010 | _a38332 | ||
| 011 | _a39304 | ||
| 035 | _a43424 | ||
| 040 | _cCHAP | ||
| 082 |
_a676 _bP4 |
||
| 100 | 0 | 0 |
_aPedro Sánz, José Luis de. _986560 |
| 245 |
_aEnsayos físico-mecánicos del papel _b: grupo XXI, celulosa y papel |
||
| 260 |
_aMadrid : _bEscuela Técnica Superior de Ingenieros de Montes, _c1978 |
||
| 300 | _a142 p. | ||
| 590 |
_aBATCH-UPD _b10 _c20130110 _lUCH01 _h2119 |
||
| 590 |
_aBATCH-UPD _b10 _c20130410 _lUCH01 _h1429 |
||
| 590 |
_aBATCH-UPD _b10 _c20130914 _lUCH01 _h1900 |
||
| 590 |
_aCONVERSION _b10 _c20130109 _lUCH01 _h1321 |
||
| 650 | 1 | 4 |
_aPapel _xNormas de calidad. _985386 |
| 901 | _aBK | ||
| 942 | _cLIBRO | ||
| 949 |
_a676 P4 _bBC _cLIBRO _d33724000146635 _eLIBRO _h54073 _i43424 _mD _si |
||
| 999 |
_c38332 _d38332 |
||